[Event "St Petersburg Korchnoi Memorial op"]
[Site "St Petersburg"]
[Date "2019.08.18"]
[Round "5"]
[White "Rachkov, Andrey A"]
[Black "Razumovskiy, Mikhail"]
[Result "0-1"]
[WhiteElo "1454"]
[BlackElo "1983"]
[PlyCount "32"]
[EventDate "2019.08.14"]
[EventType "swiss"]
[EventRounds "9"]
[EventCountry "RUS"]
[SourceTitle "CBM 192"]
[Source "ChessBase"]
[SourceDate "2019.10.31"]
[SourceVersion "1"]
[SourceVersionDate "2019.10.31"]
[SourceQuality "1"]

1. e4 c5 2. Nf3 d6 3. c3 Nf6 4. h3 Nc6 5. Bd3 d5 6. e5 Nd7 7. Bb5 Qb6 8. Qb3 c4 9. Qa4 Nc5 10. Bxc6+ bxc6 11. Qc2 Nd3+ 12. Ke2 Qxf2+ 13. Kd1 Qxg2 14. Re1 Qxf3+ 15. Re2 Qh1+ 16. Re1 Qxe1# 0-1

[Event "St Petersburg Korchnoi Memorial op"]
[Site "St Petersburg"]
[Date "2019.08.15"]
[Round "2"]
[White "Razumovskiy, Mikhail"]
[Black "Ataev, Kamronbek"]
[Result "1-0"]
[WhiteElo "1983"]
[BlackElo "1644"]
[PlyCount "123"]
[EventDate "2019.08.14"]
[EventType "swiss"]
[EventRounds "9"]
[EventCountry "RUS"]
[SourceTitle "CBM 192"]
[Source "ChessBase"]
[SourceDate "2019.10.31"]
[SourceVersion "1"]
[SourceVersionDate "2019.10.31"]
[SourceQuality "1"]

1. d4 Nf6 2. c4 e6 3. g3 Be7 4. Bg2 d5 5. Nf3 Nc6 6. 0-0 0-0 7. Ne5 Rb8 8. Nxc6 bxc6 9. Qa4 c5 10. Qxa7 Rb7 11. Qa5 cxd4 12. cxd5 exd5 13. Rd1 Bb4 14. Qa4 c5 15. a3 Ba5 16. b4 cxb4 17. axb4 Bb6 18. Qc2 Re8 19. h3 Qe7 20. Bg5 h6 21. Bxf6 Qxf6 22. Ra8 Rc7 23. Qd3 Qc6 24. Rb8 Rb7 25. b5 Qe6 26. Rxb7 Bxb7 27. Kf1 Rc8 28. Qd2 Qf6 29. Bf3 Rc5 30. Qd3 Qe6 31. Bg4 Qe8 32. Qxd4 Rxb5 33. Qa4 Bc6 34. Qf4 d4 35. Na3 Rc5 36. Bf3 Bxf3 37. Qxf3 Rc3 38. Rd3 Qc8 39. Kg2 Qc5 40. Qa8+ Kh7 41. Nb1 Rc2 42. Nd2 Qb4 43. Qe4+ g6 44. Qe8 Rxd2 45. Qxf7+ Kh8 46. Qe8+ Kh7 47. Rxd2 Qxd2 48. Qe7+ Kg8 49. Qe6+ Kh7 50. Qxb6 Qxe2 51. Qa7+ Kg8 52. Qxd4 Qe6 53. h4 h5 54. Qd8+ Kg7 55. Qc7+ Kg8 56. Qf4 Qd5+ 57. Kh2 Qf5 58. Qxf5 gxf5 59. Kg2 Kf7 60. Kf3 Kg6 61. Kf4 Kf6 62. f3 1-0

[Event "St Petersburg Korchnoi Memorial op"]
[Site "St Petersburg"]
[Date "2019.08.14"]
[Round "1"]
[White "Mokshanov, Alexey"]
[Black "Razumovskiy, Mikhail"]
[Result "1-0"]
[WhiteElo "2447"]
[BlackElo "1983"]
[PlyCount "67"]
[EventDate "2019.08.14"]
[EventType "swiss"]
[EventRounds "9"]
[EventCountry "RUS"]
[SourceTitle "CBM 192"]
[Source "ChessBase"]
[SourceDate "2019.10.31"]
[SourceVersion "1"]
[SourceVersionDate "2019.10.31"]
[SourceQuality "1"]

1. e4 c5 2. Nf3 e6 3. c3 Nf6 4. e5 Nd5 5. Bc4 d6 6. d4 cxd4 7. cxd4 Nc6 8. 0-0 Be7 9. Qe2 0-0 10. Re1 Qb6 11. Qe4 dxe5 12. dxe5 Bc5 13. Re2 Nd4 14. Nxd4 Bxd4 15. Rd2 Bc5 16. Nc3 f5 17. Qe2 Nxc3 18. bxc3 Qc6 19. Bb5 Qc7 20. a4 Qe7 21. Rd1 a6 22. Bc4 Qh4 23. Ba3 Bxa3 24. Rxa3 Rd8 25. Raa1 Qe7 26. Rxd8+ Qxd8 27. Rd1 Qe7 28. Qd3 b5 29. axb5 axb5 30. Bxb5 Qc7 31. Qd6 Ra7 32. c4 Rb7 33. Ba6 Ra7 34. Qxc7 1-0

[Event "Krakow op-A 29th"]
[Site "Krakow"]
[Date "2019.01.04"]
[Round "9"]
[White "Razumovskiy, Mikhail"]
[Black "Marczuk, Dominik"]
[Result "0-1"]
[WhiteElo "1974"]
[BlackElo "2274"]
[PlyCount "79"]
[EventDate "2018.12.27"]
[EventType "swiss"]
[EventRounds "9"]
[EventCountry "POL"]
[SourceTitle "CBM 189 Extra"]
[Source "ChessBase"]
[SourceDate "2019.06.03"]
[SourceVersion "1"]
[SourceVersionDate "2019.06.03"]
[SourceQuality "1"]

1. d4 Nf6 2. c4 g6 3. f3 c5 4. d5 b5 5. e4 d6 6. cxb5 a6 7. Bd2 Bg7 8. Bc3 0-0 9. bxa6 e6 10. Na3 exd5 11. exd5 Re8+ 12. Kf2 Nxa6 13. Bb5 Bd7 14. Bc4 Nb4 15. Nb5 Bf5 16. Rc1 Nxa2 17. Bxa2 Rxa2 18. Na3 Qa8 19. Qb3 Qxd5 20. Qxd5 Nxd5 21. Bxg7 Kxg7 22. Nc4 Re6 23. Rd1 Nb4 24. Nh3 Bd3 25. Nb6 Rxb2+ 26. Kg3 Be2 27. Rb1 Rxb1 28. Rxb1 Ba6 29. Ng5 Re3 30. Rd1 d5 31. Ra1 h6 32. Nh3 d4 33. Nf2 f5 34. Rc1 Rc3 35. Re1 Re3 36. Ra1 d3 37. Nd5 Nxd5 38. Rxa6 c4 39. Rd6 Nc3 40. Rd4 0-1

[Event "Chigorin Memorial 26th"]
[Site "St Petersburg"]
[Date "2018.10.30"]
[Round "4"]
[White "Erdenieva, Oyuna"]
[Black "Razumovskiy, Mikhail"]
[Result "1-0"]
[WhiteElo "2251"]
[BlackElo "1944"]
[PlyCount "151"]
[EventDate "2018.10.27"]
[EventType "swiss"]
[EventRounds "9"]
[EventCountry "RUS"]
[SourceTitle "CBM 187 Extra"]
[Source "ChessBase"]
[SourceDate "2018.11.04"]
[SourceVersion "1"]
[SourceVersionDate "2018.11.04"]
[SourceQuality "1"]

1. d4 d5 2. c4 c6 3. Nc3 Nf6 4. e3 a6 5. Qc2 g6 6. Nf3 Bg7 7. Bd3 0-0 8. 0-0 Re8 9. b3 a5 10. Bb2 Na6 11. a3 e6 12. Rfd1 b6 13. e4 dxe4 14. Nxe4 Nxe4 15. Bxe4 Qc7 16. Ne5 Bb7 17. Qc3 c5 18. Bxb7 Qxb7 19. d5 exd5 20. Qg3 d4 21. Nd3 Re2 22. Bc1 Rae8 23. Bf4 Qe4 24. Kf1 Qf5 25. Re1 Rxe1+ 26. Rxe1 Rxe1+ 27. Kxe1 Qe6+ 28. Kd2 a4 29. Qf3 Qc8 30. bxa4 h6 31. Qd5 Qe8 32. Ne5 Nc7 33. Qd7 Bxe5 34. Qxe8+ Nxe8 35. Bxe5 Kf8 36. Bb8 Nf6 37. Bc7 Nd7 38. a5 bxa5 39. a4 Ke8 40. Kc2 Ke7 41. f3 Ke6 42. Bxa5 Nb8 43. Bd2 h5 44. a5 Na6 45. Kd3 Ke5 46. Be1 f5 47. Bd2 Kf6 48. Kc2 Ke6 49. Kb3 Kd7 50. Kc2 Kc6 51. Kb3 Nc7 52. Ka4 Na6 53. Kb3 Kb7 54. Ka4 Nc7 55. Kb3 Ne6 56. Ka4 Ka6 57. Kb3 Nd8 58. Ka3 Nc6 59. Ka4 Ne5 60. Kb3 Nc6 61. Ka4 Nd8 62. Ka3 Ne6 63. Kb3 g5 64. h3 Kb7 65. g4 fxg4 66. fxg4 h4 67. Kc2 Ka6 68. Kd3 Nd8 69. Ke4 Nb7 70. Bxg5 Nxa5 71. Kd5 Nb3 72. Bxh4 d3 73. Be1 Kb6 74. g5 d2 75. Bxd2 Nxd2 76. g6 1-0

[Event "Chigorin Memorial 26th"]
[Site "St Petersburg"]
[Date "2018.10.29"]
[Round "3"]
[White "Razumovskiy, Mikhail"]
[Black "Ivanov, Platon Jaan"]
[Result "1/2-1/2"]
[WhiteElo "1944"]
[BlackElo "2176"]
[PlyCount "95"]
[EventDate "2018.10.27"]
[EventType "swiss"]
[EventRounds "9"]
[EventCountry "RUS"]
[SourceTitle "CBM 187 Extra"]
[Source "ChessBase"]
[SourceDate "2018.11.04"]
[SourceVersion "1"]
[SourceVersionDate "2018.11.04"]
[SourceQuality "1"]

1. d4 Nf6 2. c4 g6 3. f3 d5 4. cxd5 Nxd5 5. e4 Nb6 6. Nc3 Bg7 7. Be3 0-0 8. Qd2 Nc6 9. 0-0-0 Qd6 10. Nb5 Qd7 11. Bh6 Bxh6 12. Qxh6 a6 13. Nc3 Nxd4 14. f4 f6 15. Nf3 c5 16. h4 e5 17. fxe5 fxe5 18. h5 Qg7 19. hxg6 Qxg6 20. Nxe5 Qxh6+ 21. Rxh6 Be6 22. Nf3 Rae8 23. Ng5 Re7 24. Bd3 Rf2 25. Rdh1 Rxg2 26. Nxh7 Nd7 27. Nd5 Reg7 28. Nhf6+ Nxf6 29. Rxf6 Rg1+ 30. Rxg1 Rxg1+ 31. Kd2 Rg5 32. Rf2 Bxd5 33. exd5 Kg7 34. Be4 Nb5 35. Bh1 Nd6 36. Re2 Kf7 37. b3 Rg3 38. Re6 Rg6 39. Re5 Kf6 40. Re2 Kf7 41. Bf3 Rf6 42. Bh5+ Kg7 43. Re7+ Kh6 44. Bg4 Kg5 45. Be6 Rf2+ 46. Kd3 Kf6 47. Rd7 Ke5 48. a4 1/2-1/2

[Event "Moscow op-F 14th"]
[Site "Moscow"]
[Date "2018.01.26"]
[Round "1"]
[White "Shapkin, Anatoliy"]
[Black "Razumovskiy, Mikhail"]
[Result "1-0"]
[WhiteElo "2278"]
[BlackElo "1873"]
[PlyCount "83"]
[EventDate "2018.01.26"]
[EventType "swiss"]
[EventRounds "9"]
[EventCountry "RUS"]
[SourceTitle "CBM 182 Extra"]
[Source "ChessBase"]
[SourceDate "2018.02.23"]
[SourceVersion "1"]
[SourceVersionDate "2018.02.23"]
[SourceQuality "1"]

1. d4 d5 2. c4 c6 3. Nf3 Nf6 4. Nbd2 Bf5 5. Nh4 Bg4 6. h3 Bh5 7. Qb3 Qb6 8. e3 e6 9. g4 Bg6 10. Nxg6 hxg6 11. g5 Nfd7 12. Qxb6 axb6 13. Be2 Na6 14. a3 Nc7 15. Nf3 b5 16. c5 e5 17. b4 e4 18. Nd2 Be7 19. Nb3 Bxg5 20. Na5 Ra7 21. Bd2 Nf8 22. 0-0-0 Nfe6 23. Kb2 Bf6 24. Rdg1 Ke7 25. Be1 Ng5 26. Bg4 Nce6 27. f4 exf3 28. h4 Ne4 29. Bxf3 Rxa5 30. bxa5 N4xc5 31. Bb4 Kd7 32. Kc2 Na4 33. h5 Bxd4 34. hxg6 Rxh1 35. Bxh1 Bxe3 36. Re1 d4 37. gxf7 c5 38. Bd5 cxb4 39. Bxe6+ Ke7 40. Rf1 Kf8 41. axb4 Nc3 42. Rh1 1-0

[Event "Krakow op-A 28th"]
[Site "Krakow"]
[Date "2017.12.31"]
[Round "6"]
[White "Golda, Sebastian"]
[Black "Razumovskiy, Mikhail"]
[Result "0-1"]
[WhiteElo "2173"]
[BlackElo "1873"]
[PlyCount "78"]
[EventDate "2017.12.27"]
[EventType "swiss"]
[EventRounds "9"]
[EventCountry "POL"]
[SourceTitle "CBM 182 Extra"]
[Source "ChessBase"]
[SourceDate "2018.02.23"]
[SourceVersion "1"]
[SourceVersionDate "2018.02.23"]
[SourceQuality "1"]

1. e4 c5 2. Nf3 e6 3. d4 cxd4 4. Nxd4 Nf6 5. Nc3 Nc6 6. Ndb5 d6 7. Bf4 e5 8. Bg5 a6 9. Na3 b5 10. Bxf6 gxf6 11. Nd5 f5 12. Bd3 Be6 13. c3 Rg8 14. g3 Rb8 15. Qf3 f4 16. gxf4 Be7 17. f5 Bxd5 18. exd5 Na5 19. f6 Bxf6 20. Bxh7 Rg7 21. Be4 b4 22. Nc2 bxc3 23. bxc3 Rb2 24. Ke2 Ke7 25. h4 Nc4 26. a4 Qb6 27. Qd3 Rg4 28. h5 Qb3 29. Kd1 Rxe4 30. Qxe4 Qxc3 31. Qe2 Rxc2 32. Qxc2 Qxa1+ 33. Qc1 Qd4+ 34. Kc2 Qxf2+ 35. Kc3 Qd4+ 36. Kb4 a5+ 37. Kb3 Qd3+ 38. Qc3 Nd2+ 39. Kb2 e4 0-1

[Event "Krakow op-A 28th"]
[Site "Krakow"]
[Date "2017.12.30"]
[Round "4"]
[White "Losonczi, Marcell"]
[Black "Razumovskiy, Mikhail"]
[Result "1-0"]
[WhiteElo "2242"]
[BlackElo "1873"]
[PlyCount "85"]
[EventDate "2017.12.27"]
[EventType "swiss"]
[EventRounds "9"]
[EventCountry "POL"]
[SourceTitle "CBM 182 Extra"]
[Source "ChessBase"]
[SourceDate "2018.02.23"]
[SourceVersion "1"]
[SourceVersionDate "2018.02.23"]
[SourceQuality "1"]

1. e4 c5 2. Nf3 e6 3. d4 cxd4 4. Nxd4 Nf6 5. Nc3 Nc6 6. Ndb5 d6 7. Bf4 e5 8. Bg5 a6 9. Na3 b5 10. Nd5 Be7 11. Bxf6 Bxf6 12. c3 Bg5 13. Nc2 0-0 14. a4 bxa4 15. Rxa4 a5 16. Bc4 Rb8 17. b3 Kh8 18. Nce3 Ne7 19. 0-0 Bxe3 20. Nxe3 f5 21. exf5 Bxf5 22. Ra2 Be4 23. Rd2 Nc8 24. Bd5 Bxd5 25. Nxd5 Ne7 26. Ne3 Qb6 27. Rxd6 Qxb3 28. Rd7 Qe6 29. c4 Nf5 30. Nxf5 Qxf5 31. c5 Rbc8 32. Qd5 Rb8 33. Qd6 Rb1 34. Qxf8+ Qxf8 35. Rxb1 h5 36. c6 Qc5 37. c7 Kh7 38. h3 Qc2 39. Kh2 h4 40. Rb7 Qc1 41. Rxg7+ Kh6 42. Rg4 Kh5 43. Rb8 1-0

[Event "Krakow op-A 28th"]
[Site "Krakow"]
[Date "2017.12.29"]
[Round "3"]
[White "Razumovskiy, Mikhail"]
[Black "Bus, Konrad"]
[Result "1/2-1/2"]
[WhiteElo "1873"]
[BlackElo "2237"]
[PlyCount "54"]
[EventDate "2017.12.27"]
[EventType "swiss"]
[EventRounds "9"]
[EventCountry "POL"]
[SourceTitle "CBM 182 Extra"]
[Source "ChessBase"]
[SourceDate "2018.02.23"]
[SourceVersion "1"]
[SourceVersionDate "2018.02.23"]
[SourceQuality "1"]

1. d4 Nf6 2. c4 e6 3. g3 c5 4. d5 exd5 5. cxd5 d6 6. Bg2 b5 7. b4 Nbd7 8. bxc5 Nxc5 9. Nf3 g6 10. Nd4 Bg7 11. Nc6 Qb6 12. Bb2 0-0 13. 0-0 Bb7 14. Na3 Rfe8 15. Rb1 a6 16. Nc4 Qc7 17. N4a5 Bc8 18. Nb3 Na4 19. Ba1 Bf5 20. Rc1 Qd7 21. Re1 g5 22. e4 Bh3 23. Bh1 Nb6 24. Nd2 h6 25. Nf3 Nc4 26. Nfd4 Nh7 27. Bg2 Nf6 1/2-1/2

[Event "Krakow op-A 28th"]
[Site "Krakow"]
[Date "2017.12.27"]
[Round "1"]
[White "Gombocz, Ferenc Jr"]
[Black "Razumovskiy, Mikhail"]
[Result "1-0"]
[WhiteElo "2032"]
[BlackElo "1873"]
[PlyCount "75"]
[EventDate "2017.12.27"]
[EventType "swiss"]
[EventRounds "9"]
[EventCountry "POL"]
[SourceTitle "CBM 182 Extra"]
[Source "ChessBase"]
[SourceDate "2018.02.23"]
[SourceVersion "1"]
[SourceVersionDate "2018.02.23"]
[SourceQuality "1"]

1. c4 c6 2. g3 d5 3. Nf3 Nf6 4. Bg2 Bg4 5. 0-0 e6 6. d3 Bd6 7. Nc3 Nbd7 8. Bd2 0-0 9. Rc1 dxc4 10. dxc4 Bxf3 11. exf3 Qc7 12. Qe2 e5 13. Rfd1 Rfe8 14. Be3 Bc5 15. Bd2 Bd6 16. Bh3 a5 17. Be3 Nc5 18. Qc2 h6 19. Na4 Nxa4 20. Qxa4 c5 21. Rd3 Rad8 22. Rcd1 Bf8 23. Qb3 b6 24. Qc2 Rxd3 25. Rxd3 Rd8 26. Kf1 Rd6 27. Ke2 Be7 28. Rxd6 Qxd6 29. Qd3 Kf8 30. Qxd6 Bxd6 31. Kd3 Ke7 32. Kc3 Ne8 33. Kb3 Nc7 34. Ka4 Kd8 35. a3 Na8 36. Kb5 Kc7 37. f4 e4 38. Bf5 1-0

[Event "Chigorin Memorial 25th"]
[Site "St Petersburg"]
[Date "2017.10.26"]
[Round "6"]
[White "Murzina, Agata"]
[Black "Razumovskiy, Mikhail"]
[Result "1-0"]
[WhiteElo "1637"]
[BlackElo "1908"]
[PlyCount "57"]
[EventDate "2017.10.21"]
[EventType "swiss"]
[EventRounds "9"]
[EventCountry "RUS"]
[SourceTitle "CBM 181 Extra"]
[Source "ChessBase"]
[SourceDate "2017.12.12"]
[SourceVersion "1"]
[SourceVersionDate "2017.12.12"]
[SourceQuality "1"]

1. e4 c5 2. Nf3 e6 3. c4 Nc6 4. Nc3 d6 5. d4 cxd4 6. Nxd4 Be7 7. Be3 Nf6 8. g3 Ne5 9. Bg2 0-0 10. b3 Neg4 11. Bc1 Qa5 12. Qd2 Rd8 13. 0-0 a6 14. Nd5 Qxd2 15. Nxe7+ Kf8 16. Bxd2 Kxe7 17. Rad1 Ne8 18. h3 Nh6 19. e5 a5 20. exd6+ Nxd6 21. Bc1 e5 22. Rfe1 Kf8 23. Nb5 Nhf5 24. g4 Nd4 25. Ba3 Ra6 26. Rxe5 N4xb5 27. cxb5 Rb6 28. Bc5 Rxb5 29. Rxd6 1-0

[Event "Moscow op-F 13th"]
[Site "Moscow"]
[Date "2017.02.04"]
[Round "9"]
[White "Kamrukov, Alexey"]
[Black "Razumovskiy, Mikhail"]
[Result "1-0"]
[WhiteElo "2311"]
[BlackElo "1796"]
[PlyCount "83"]
[EventDate "2017.01.27"]
[EventType "swiss"]
[EventRounds "9"]
[EventCountry "RUS"]
[SourceTitle "CBM 176 Extra"]
[Source "ChessBase"]
[SourceDate "2017.03.02"]
[SourceVersion "1"]
[SourceVersionDate "2017.03.02"]
[SourceQuality "1"]

1. d4 d5 2. c4 c6 3. Nc3 Nf6 4. Nf3 a6 5. c5 Nbd7 6. h3 Qc7 7. Bg5 e5 8. Bxf6 gxf6 9. e3 b6 10. cxb6 Qxb6 11. Qc2 Rb8 12. Rb1 Bg7 13. Be2 0-0 14. 0-0 f5 15. Na4 Qb4 16. a3 Qe7 17. dxe5 c5 18. Bd3 Nxe5 19. Nxe5 Qxe5 20. Qxc5 Bb7 21. Qc2 Rfc8 22. Nc3 f4 23. Bxh7+ Kh8 24. exf4 Qh5 25. Bf5 Rc4 26. Bg4 Qh6 27. Qd2 Be5 28. Nxd5 Rd4 29. Qe3 Bg7 30. Nc3 Qg6 31. Rbd1 Rbd8 32. Rxd4 Bxd4 33. Qe7 Rb8 34. Qc7 Ba7 35. Rd1 Kg7 36. Qe5+ Qf6 37. b4 Rf8 38. Rd7 Rb8 39. Bh5 Qxe5 40. fxe5 Bb6 41. Rxf7+ Kh6 42. Rf6+ 1-0

[Event "St Petersburg White Nights op"]
[Site "St Petersburg"]
[Date "2012.06.05"]
[Round "4"]
[White "Zheleznaykov, Peter"]
[Black "Razumovskiy, Mikhail"]
[Result "1-0"]
[WhiteElo "1977"]
[BlackElo "1783"]
[PlyCount "45"]
[EventDate "2012.06.02"]
[EventType "swiss"]
[EventRounds "9"]
[EventCountry "RUS"]
[SourceTitle "CBM 148 Extra"]
[Source "ChessBase"]
[SourceDate "2012.06.22"]
[SourceVersion "1"]
[SourceVersionDate "2012.06.22"]
[SourceQuality "1"]

1. d4 d5 2. c4 e6 3. Nc3 Nf6 4. Nf3 Be7 5. e3 Nbd7 6. Bd3 dxc4 7. Bxc4 0-0 8. 0-0 c5 9. Qc2 a6 10. dxc5 Nxc5 11. b4 Ncd7 12. a3 b5 13. Bd3 Bb7 14. e4 h6 15. Bb2 Rc8 16. Rac1 Nb6 17. Rfd1 Qc7 18. Qe2 Qb8 19. e5 Nfd5 20. Qe4 Nf6 21. Qe3 Ng4 22. Qxb6 Rfd8 23. Be4 1-0